Využitie e-learningu vo výučbe manažérskych zručností na Katedre informatiky obchodných firiem
Autorka v príspevku uvádza svoje niekoľkoročné skúsenosti s prechodom na e-learningovú formu vyučovania voliteľného kurzu v anglickom jazyku The Global Marketplace, ktorý rozvíja manažérske zručnosti študentov pomocou interaktívnej on-line manažérskej simulácie. Skúma výhody a nevýhody tradičnej a e...
Enregistré dans:
| Auteur principal: | |
|---|---|
| Format: | Chapitre de livre |
| Langue: | slovaque |
| Sujets: | |
| Tags: |
Pas de tags, Soyez le premier à ajouter un tag!
|
MARC
| LEADER | 00000nla$a2200000$$$4500 | ||
|---|---|---|---|
| 001 | 0089593 | ||
| 005 | 20240502072011.7 | ||
| 041 | 0 | |a slo | |
| 044 | |a SK | ||
| 245 | 1 | 0 | |a Využitie e-learningu vo výučbe manažérskych zručností na Katedre informatiky obchodných firiem |c Janette Retová |
| 520 | |a Autorka v príspevku uvádza svoje niekoľkoročné skúsenosti s prechodom na e-learningovú formu vyučovania voliteľného kurzu v anglickom jazyku The Global Marketplace, ktorý rozvíja manažérske zručnosti študentov pomocou interaktívnej on-line manažérskej simulácie. Skúma výhody a nevýhody tradičnej a e-learningovej formy vyučovania, psychologické aspekty oboch foriem vyučovania, možnosti zefektívnenia a inovácie vyučovania, a výzvy, ktoré e-learningová forma vyučovania študentom a vyučujúcemu pri výučbe tohto kurzu prináša. | ||
| 610 | 2 | 0 | |a vzdelávanie elektronické |
| 610 | 2 | 0 | |a simulácia |
| 610 | 2 | 0 | |a manažment |
| 100 | 1 | |a Retová, Janette | |